Rhythm Heaven Megamix Games - Statistics

General Stats
  • This quiz has been taken 34 times
  • The average score is 51 of 94
Answer Stats
Answer % Correct
Karate Man
93%
Air Rally
86%
Karate Man Senior
86%
Figure Fighter
79%
Fillbots
79%
Frog Hop
79%
Fruit Basket
79%
First Contact
71%
Glee Club
71%
Lockstep
71%
Love Rap
71%
Night Walk
71%
Quiz Show
71%
Rhythm Rally
71%
Super Samurai Slice
71%
The Clappy Trio
71%
Air Rally 2
64%
Blue Bear
64%
Catchy Tune
64%
Fan Club
64%
Figure Fighter 2
64%
Flipper-Flop
64%
Fruit Basket 2
64%
Hole in One
64%
Hole in One 2
64%
Jumpin' Jazz
64%
Munchy Monk
64%
Rhythm Rally 2
64%
Ringside
64%
Second Contact
64%
Spaceball
64%
Space Dance
64%
Sumo Brothers
64%
Tap Trial
64%
Fillbots 2
57%
Glee Club 2
57%
Karate Man Combos!
57%
Karate Man Kicks!
57%
LumBEARjack
57%
Micro-Row
57%
Rhythm Tweezers
57%
Shoot 'Em Up
57%
Sneaky Spirits
57%
Tangotronic 3000
57%
The Dazzles
57%
The Snappy Trio
57%
Tongue Lashing
57%
Airboarder
50%
Bouncy Road
50%
Cosmic Rhythm Rally
50%
Double Date
50%
Fan Club 2
50%
Figure Fighter 3
50%
Flipper-Flop 2
50%
Flock Step
50%
Freeze Frame
50%
Karate Man Returns!
50%
Marching Orders
50%
Monkey Watch
50%
Ninja Bodyguard
50%
Packing Pests
50%
Pajama Party
50%
Rhythm Tweezers 2
50%
Samurai Slice
50%
Super Samurai Slice 2
50%
Tap Trial 2
50%
Working Dough
50%
Animal Acrobat
43%
Bunny Hop
43%
Catchy Tune 2
43%
Cosmic Dance
43%
Dog Ninja
43%
Exhibition Match
43%
LumBEARjack 2
43%
Micro-Row 2
43%
Screwbot Factory
43%
Shoot 'Em Up 2
43%
Sneaky Spirits 2
43%
The Clappy Trio 2
43%
Big Rock Finish
36%
Built to Scale
36%
Catch of the Day
36%
Cheer Readers
36%
Jungle Gymnast
36%
Launch Party
36%
Rat Race
36%
See-Saw
36%
Working Dough 2
36%
Board Meeting
29%
Fork Lifter
29%
Kitties!
29%
Blue Birds
21%
Power Caligraphy
21%
Bossa Nova
14%
No matching quizzes found
Score Distribution
Percent of People with Each Score
Percentile by Number Answered
Your Score History
You have not taken this quiz